MARC details
| 000 -LEADER |
| fixed length control field |
03871cam a2200409 i 4500 |
| 001 - CONTROL NUMBER |
| control field |
data |
| 005 - DATE AND TIME OF LATEST TRANSACTION |
| control field |
20260322212105.0 |
| 008 - FIXED-LENGTH DATA ELEMENTS--GENERAL INFORMATION |
| fixed length control field |
data |
| 035 ## - SYSTEM CONTROL NUMBER |
| System control number |
19852570 |
| 010 ## - LIBRARY OF CONGRESS CONTROL NUMBER |
| LC control number |
2016590916 |
| 020 ## - INTERNATIONAL STANDARD BOOK NUMBER |
| International Standard Book Number |
9781107085589 |
| Qualifying information |
hbk |
| 020 ## - INTERNATIONAL STANDARD BOOK NUMBER |
| International Standard Book Number |
1107085586 |
| Qualifying information |
hbk |
| 035 ## - SYSTEM CONTROL NUMBER |
| System control number |
(OCoLC)958355036 |
| 040 ## - CATALOGING SOURCE |
| Original cataloging agency |
YDX |
| Language of cataloging |
eng |
| Transcribing agency |
YDX |
| Description conventions |
rda |
| Modifying agency |
DLC |
| -- |
LSD |
| -- |
OCLCF |
| -- |
GZL |
| -- |
RCJ |
| -- |
FIE |
| -- |
DLC |
| 042 ## - AUTHENTICATION CODE |
| Authentication code |
lccopycat |
| 050 00 - LIBRARY OF CONGRESS CALL NUMBER |
| Classification number |
K3165 |
| Item number |
.C5793 2017 |
| 082 04 - DEWEY DECIMAL CLASSIFICATION NUMBER |
| Classification number |
340.11 |
| Edition information |
23 |
| 245 00 - TITLE STATEMENT |
| Title |
Comparative constitutional reasoning / |
| Statement of responsibility, etc. |
edited by András Jakab, Hungarian Academy of Sciences/Pázmany Péter Catholic University; Arthur Dyevre, KU Leuven Faculty of Law; Giulio Itzcovich, University of Brescia. |
| 264 #1 - PRODUCTION, PUBLICATION, DISTRIBUTION, MANUFACTURE, AND COPYRIGHT NOTICE |
| Place of production, publication, distribution, manufacture |
Cambridge, United Kingdom : |
| Name of producer, publisher, distributor, manufacturer |
Cambridge University Press, |
| Date of production, publication, distribution, manufacture, or copyright notice |
2017. |
| 300 ## - PHYSICAL DESCRIPTION |
| Extent |
xii, 854 pages : |
| Other physical details |
illustrations ; |
| Dimensions |
24 cm |
| 336 ## - CONTENT TYPE |
| Content type term |
text |
| Content type code |
txt |
| Source |
rdacontent |
| 337 ## - MEDIA TYPE |
| Media type term |
unmediated |
| Media type code |
n |
| Source |
rdamedia |
| 338 ## - CARRIER TYPE |
| Carrier type term |
volume |
| Carrier type code |
nc |
| Source |
rdacarrier |
| 504 ## - BIBLIOGRAPHY, ETC. NOTE |
| Bibliography, etc. note |
Includes bibliographical references and index. |
| 505 00 - FORMATTED CONTENTS NOTE |
| Miscellaneous information |
Conclusion / |
| Title |
The Supreme Court of the United States / |
| Statement of responsibility |
András Jakab, Arthur Dyevre and Giulio Itzcovich. |
| Title |
The High Court of Australia / |
| Statement of responsibility |
Cheryl Saunders and Adrienne Stone -- |
| Title |
The Austrian Constitutional Court / |
| Statement of responsibility |
Konrad Lachmayer -- |
| Title |
The Supreme Federal Tribunal of Brazil / |
| Statement of responsibility |
Conrado Hübner Mendes -- |
| Title |
The Supreme Court of Canada / |
| Statement of responsibility |
Hugo Cyr and Monica Popescu -- |
| Title |
The Constitutional Court of the Czech Republic / |
| Statement of responsibility |
Zdeněk Kühn -- |
| Title |
The European Court of Human Rights / |
| Statement of responsibility |
Janneke Gerards -- |
| Title |
The European Court of Justice / |
| Statement of responsibility |
Giulio Itzcovich -- |
| Title |
The French Constitutional Council / |
| Statement of responsibility |
Arthur Dyevre -- |
| Title |
The German Federal Constitutional Court / |
| Statement of responsibility |
Michaela Hailbronner and Stefan Martini -- |
| Title |
The Constitutional Court of Hungary / |
| Statement of responsibility |
András Jakab and Johanna Frölich -- |
| Title |
The Supreme Court of Ireland / |
| Statement of responsibility |
Eoin Carolan -- |
| Title |
The Israeli Supreme Court / |
| Statement of responsibility |
Suzie Navot -- |
| Title |
The Constitutional Court of Italy / |
| Statement of responsibility |
Tania Groppi and Irene Spigno -- |
| Title |
The Constitutional Court of South Africa / |
| Statement of responsibility |
Christa Rautenbach and Lourens du Plessis -- |
| Title |
The Spanish Constitutional Court / |
| Statement of responsibility |
Marian Ahumada Ruiz -- |
| Title |
The Constitutional Court of Taiwan / |
| Statement of responsibility |
Wen-Chen Chang -- |
| Title |
The Supreme Court (House of Lords) of the United Kingdom / |
| Statement of responsibility |
Tamas Gyorfi -- |
| Title |
The Supreme Court of the United States / |
| Statement of responsibility |
Howard Schweber and Jennifer L. Brookhart -- |
| Miscellaneous information |
Conclusion / |
| Statement of responsibility |
András Jakab, Arthur Dyevre and Giulio Itzcovich. |
| 520 ## - SUMMARY, ETC. |
| Summary, etc. |
To what extent is the language of judicial opinions responsive to the political and social context in which constitutional courts operate? Courts are reason-giving institutions, with argumentation playing a central role in constitutional adjudication. However, a cursory look at just a handful of constitutional systems suggests important differences in the practices of constitutional judges, whether in matters of form, style, or language. Focusing on independently-verified leading cases globally, a combination of qualitative and quantitative analysis offers the most comprehensive and systematic account of constitutional reasoning to date. This analysis is supported by the examination of eighteen legal systems around the world including the European Court of Human Rights and the European Court of Justice. Universally common aspects of constitutional reasoning are identified in this book, and contributors also examine whether common law countries differ to civil law countries in this respect.-- |
| Assigning source |
Provided by Publisher. |
| 650 #0 - SUBJECT ADDED ENTRY--TOPICAL TERM |
| Topical term or geographic name entry element |
Constitutional law. |
| 650 #0 - SUBJECT ADDED ENTRY--TOPICAL TERM |
| Topical term or geographic name entry element |
Constitutional courts. |
| 650 #7 - SUBJECT ADDED ENTRY--TOPICAL TERM |
| Topical term or geographic name entry element |
Constitutional courts. |
| 650 #7 - SUBJECT ADDED ENTRY--TOPICAL TERM |
| Topical term or geographic name entry element |
Constitutional law. |
| 700 1# - ADDED ENTRY--PERSONAL NAME |
| Personal name |
Jakab, András, |
| Relator term |
editor. |
| 700 1# - ADDED ENTRY--PERSONAL NAME |
| Personal name |
Dyevre, Arthur, |
| Relator term |
editor. |
| 700 1# - ADDED ENTRY--PERSONAL NAME |
| Personal name |
Itzcovich, Giulio, |
| Dates associated with a name |
1975- |
| Relator term |
editor. |
| 906 ## - LOCAL DATA ELEMENT F, LDF (RLIN) |
| a |
7 |
| b |
cbc |
| c |
copycat |
| d |
2 |
| e |
ncip |
| f |
20 |
| g |
y-gencatlg |
| 925 0# - |
| -- |
acquire |
| -- |
1 shelf copy |
| -- |
policy default |